Tính ổn định, ổn định tiệm ccận và ổn định mũ đới với một lớp phương trình vi phân tuyến tính có gắn nhiễu
Kiiến thức chuẩn bị. Một vài kết quả cho hệ tuyến tính và mở rộng với nhiễu nhỏ
Kaydedildi:
| Yazar: | |
|---|---|
| Diğer Yazarlar: | |
| Materyal Türü: | Kitap |
| Dil: | Vietnamese |
| Baskı/Yayın Bilgisi: |
Đại học Đà Nẵng
Trường đại học Sư Phạm
2011
|
| Seri Bilgileri: | Khóa luận tốt nghiệp Đại học. Chuyên ngành: Cử nhân Toán Tin
|
| Konular: | |
| Etiketler: |
Etiketle
Etiket eklenmemiş, İlk siz ekleyin!
|
| Thư viện lưu trữ: | Mạng thư viện Đại học Đà Nẵng |
|---|
| LEADER | 01482nam a2200349 4500 | ||
|---|---|---|---|
| 001 | 000011405 | ||
| 003 | 7651 | ||
| 005 | 20120203150223.0 | ||
| 008 | 120203s2011 viesd | ||
| 041 | |a vie | ||
| 072 | |a Khóa luận tốt nghiệp | ||
| 082 | |a 515.35 |b HU-H | ||
| 100 | |a Huỳnh, Phúc Hải | ||
| 245 | |a Tính ổn định, ổn định tiệm ccận và ổn định mũ đới với một lớp phương trình vi phân tuyến tính có gắn nhiễu |c Huỳnh, Phúc Hải | ||
| 260 | |a Đại học Đà Nẵng |b Trường đại học Sư Phạm |c 2011 | ||
| 300 | |a 40 tr. |c 29 cm | ||
| 490 | |a Khóa luận tốt nghiệp Đại học. Chuyên ngành: Cử nhân Toán Tin | ||
| 500 | |a Tham khảo tr.39 - 40 | ||
| 520 | |a Kiiến thức chuẩn bị. Một vài kết quả cho hệ tuyến tính và mở rộng với nhiễu nhỏ | ||
| 653 | |a Khóa luận tốt nghiệp đại học | ||
| 653 | |a Khoa Toán | ||
| 700 | |a Nguyễn, Hoàng Thành |c Th.S |e Hướng dẫn | ||
| OWN | |a LSP | ||
| AVA | |a UDN50 |b LSP |d 515.35 HU-H |e available |t Error 5001 Not defined in file expand_doc_bib_avail. |f 1 |g 0 |h N |i 0 |k 1 | ||
| 999 | |a From the UDN01 | ||
| AVA | |a UDN50 |b LSP |d 515.35 HU-H |e available |t Error 5001 Not defined in file expand_doc_bib_avail. |f 1 |g 0 |h N |i 0 |k 1 | ||
| TYP | |a Monograph | ||
| TYP | |a Printed language | ||
| 980 | |a Mạng thư viện Đại học Đà Nẵng | ||